[Event "GEO-chT Club"]
[Site "Tbilisi"]
[Date "2017.12.02"]
[Round "4.2"]
[White "Azaladze, Shota"]
[Black "Kikilashvili, Soso"]
[Result "1-0"]
[WhiteElo "2464"]
[BlackElo "1875"]
[PlyCount "79"]
[EventDate "2017.11.29"]
[EventType "team-tourn"]
[EventRounds "7"]
[EventCountry "GEO"]
[SourceTitle "CBM 181 Extra"]
[Source "ChessBase"]
[SourceDate "2017.12.12"]
[SourceVersion "1"]
[SourceVersionDate "2017.12.12"]
[SourceQuality "1"]
[WhiteTeam "Tbilisi"]
[BlackTeam "Kakheti"]
[WhiteTeamCountry "GEO"]
[BlackTeamCountry "GEO"]

1. Nf3 d5 2. g3 Bg4 3. Bg2 c6 4. 0-0 Nf6 5. d3 Bxf3 6. Bxf3 Nbd7 7. Bg2 e6 8. e4 dxe4 9. dxe4 Bc5 10. Qe2 h5 11. Nd2 h4 12. e5 hxg3 13. hxg3 Qc7 14. exf6 Qxg3 15. Nf3 gxf6 16. Be3 Bxe3 17. Qxe3 Qg6 18. Rfd1 0-0-0 19. Rd4 Rdg8 20. Ne1 Qh5 21. Kf1 Rxg2 22. Nxg2 Qh1+ 23. Ke2 Qxa1 24. Qa3 Nb6 25. Rd1 Nc4 26. Rxa1 Nxa3 27. bxa3 Rh5 28. Rd1 Kc7 29. Rd3 Rc5 30. Ne3 f5 31. Kd2 Rb5 32. Nc4 f6 33. Nd6 Rb2 34. Kc1 Rb6 35. Ne8+ Kc8 36. Nxf6 c5 37. Nd7 Rc6 38. Ne5 Rc7 39. a4 c4 40. Rc3 1-0

[Event "GEO-chT Club"]
[Site "Tbilisi"]
[Date "2017.12.01"]
[Round "3.4"]
[White "Kikilashvili, Soso"]
[Black "Gelashvili, Tamaz"]
[Result "0-1"]
[WhiteElo "1875"]
[BlackElo "2556"]
[PlyCount "62"]
[EventDate "2017.11.29"]
[EventType "team-tourn"]
[EventRounds "7"]
[EventCountry "GEO"]
[SourceTitle "CBM 181 Extra"]
[Source "ChessBase"]
[SourceDate "2017.12.12"]
[SourceVersion "1"]
[SourceVersionDate "2017.12.12"]
[SourceQuality "1"]
[WhiteTeam "Kakheti"]
[BlackTeam "Rustavi"]
[WhiteTeamCountry "GEO"]
[BlackTeamCountry "GEO"]

1. b3 d5 2. Bb2 a5 3. e3 c6 4. f4 a4 5. b4 Nf6 6. a3 Bf5 7. Nf3 Nbd7 8. Nd4 e6 9. Nxf5 exf5 10. Bd3 g6 11. 0-0 Bg7 12. c4 dxc4 13. Bxc4 Nb6 14. Be2 0-0 15. Qc2 Ne4 16. Bxg7 Kxg7 17. g4 Qf6 18. Ra2 Rad8 19. g5 Qe6 20. Bf3 Nc4 21. Bxe4 fxe4 22. Rf2 Rd3 23. Nc3 Rfd8 24. Ne2 Nxd2 25. f5 Qe5 26. Nf4 Nf3+ 27. Rxf3 exf3 28. Nxd3 Qxe3+ 29. Qf2 Qxg5+ 30. Qg3 Qxg3+ 31. hxg3 Rxd3 0-1

[Event "GEO-chT Club"]
[Site "Tbilisi"]
[Date "2017.11.29"]
[Round "1.4"]
[White "Bechvaia, Gabriel"]
[Black "Kikilashvili, Soso"]
[Result "0-1"]
[WhiteElo "1806"]
[BlackElo "1875"]
[PlyCount "88"]
[EventDate "2017.11.29"]
[EventType "team-tourn"]
[EventRounds "7"]
[EventCountry "GEO"]
[SourceTitle "CBM 181 Extra"]
[Source "ChessBase"]
[SourceDate "2017.12.12"]
[SourceVersion "1"]
[SourceVersionDate "2017.12.12"]
[SourceQuality "1"]
[WhiteTeam "Samegrelo"]
[BlackTeam "Kakheti"]
[WhiteTeamCountry "GEO"]
[BlackTeamCountry "GEO"]

1. d4 Nf6 2. c4 c5 3. d5 b5 4. cxb5 a6 5. Nc3 axb5 6. Nxb5 Qa5+ 7. Nc3 Ne4 8. Bd2 Nxd2 9. Qxd2 g6 10. e4 Bg7 11. Nf3 d6 12. Be2 0-0 13. 0-0 Nd7 14. Rfb1 Ba6 15. a4 Bxe2 16. Nxe2 Rfb8 17. Qc2 Rb4 18. Nc3 Nb6 19. Ra3 Nc4 20. Rb3 Rab8 21. Rxb4 Rxb4 22. g3 Bxc3 23. bxc3 Qxa4 24. Qxa4 Rxa4 25. Rb7 Kf8 26. Rc7 f6 27. g4 Ra3 28. g5 Rxc3 29. Kg2 Kf7 30. gxf6 Kxf6 31. Rc8 Ne5 32. Nxe5 Kxe5 33. f3 Ra3 34. Rc7 Kd4 35. Rxe7 c4 36. Rc7 c3 37. Kf2 Ra2+ 38. Ke1 Kd3 39. e5 Re2+ 40. Kd1 Rxh2 41. Ke1 Re2+ 42. Kf1 Rxe5 43. Rxh7 c2 44. Rc7 Rxd5 0-1